<?xml version="1.0" encoding="UTF-8"?>
<record
    xmlns:xsi="http://www.w3.org/2001/XMLSchema-instance"
    xsi:schemaLocation="http://www.loc.gov/MARC21/slim http://www.loc.gov/standards/marcxml/schema/MARC21slim.xsd"
    xmlns="http://www.loc.gov/MARC21/slim">

  <leader>00758nam a22002417a 4500</leader>
  <controlfield tag="001">2696</controlfield>
  <controlfield tag="003">HMS</controlfield>
  <controlfield tag="005">20250822121804.0</controlfield>
  <controlfield tag="008">250822e2010    spaa|||frnotu 001 0 spa  </controlfield>
  <datafield tag="020" ind1=" " ind2=" ">
    <subfield code="a">9788480866965</subfield>
  </datafield>
  <datafield tag="020" ind1=" " ind2=" ">
    <subfield code="a">9781416024453</subfield>
  </datafield>
  <datafield tag="040" ind1=" " ind2=" ">
    <subfield code="a">HMS</subfield>
    <subfield code="b">SPA</subfield>
    <subfield code="c">HMS</subfield>
  </datafield>
  <datafield tag="050" ind1="0" ind2="4">
    <subfield code="a">WV168</subfield>
    <subfield code="b">M996</subfield>
  </datafield>
  <datafield tag="245" ind1="0" ind2="0">
    <subfield code="a">Otorrinolaringolog&#xED;a quir&#xFA;rgica : </subfield>
    <subfield code="b">cirugia de cabeza y cuello / </subfield>
    <subfield code="c">Editor, Eugene N. Myers</subfield>
    <subfield code="h">[libro]</subfield>
    <subfield code="n">volumen 2</subfield>
  </datafield>
  <datafield tag="250" ind1=" " ind2=" ">
    <subfield code="a">2&#xAA; edici&#xF3;n</subfield>
  </datafield>
  <datafield tag="260" ind1=" " ind2=" ">
    <subfield code="a">Barcelona, Espa&#xF1;a :</subfield>
    <subfield code="b">Elsevier Saunders,</subfield>
    <subfield code="c">c 2010</subfield>
  </datafield>
  <datafield tag="300" ind1=" " ind2=" ">
    <subfield code="a">vol., :</subfield>
    <subfield code="b">ilustraciones ;</subfield>
    <subfield code="c">28 cm.</subfield>
  </datafield>
  <datafield tag="490" ind1="1" ind2=" ">
    <subfield code="a">Expert Consult</subfield>
  </datafield>
  <datafield tag="500" ind1=" " ind2=" ">
    <subfield code="a">Incluye &#xED;ndice</subfield>
  </datafield>
  <datafield tag="504" ind1=" " ind2=" ">
    <subfield code="a">Incluye bibliograf&#xED;as </subfield>
  </datafield>
  <datafield tag="650" ind1=" " ind2="7">
    <subfield code="a">OPERATORIA OTORRINOLARINGOLOGIA</subfield>
    <subfield code="x">CIRUGIA</subfield>
    <subfield code="9">4041</subfield>
  </datafield>
  <datafield tag="942" ind1=" " ind2=" ">
    <subfield code="2">lcc</subfield>
    <subfield code="c">COL. RES.</subfield>
    <subfield code="n">0</subfield>
  </datafield>
  <datafield tag="999" ind1=" " ind2=" ">
    <subfield code="c">2696</subfield>
    <subfield code="d">2696</subfield>
  </datafield>
  <datafield tag="952" ind1=" " ind2=" ">
    <subfield code="0">0</subfield>
    <subfield code="1">0</subfield>
    <subfield code="2">lcc</subfield>
    <subfield code="4">0</subfield>
    <subfield code="7">0</subfield>
    <subfield code="8">Col. Res.</subfield>
    <subfield code="a">BHMS</subfield>
    <subfield code="b">BHMS</subfield>
    <subfield code="c">Full Space</subfield>
    <subfield code="d">2011-08-09</subfield>
    <subfield code="i">001322</subfield>
    <subfield code="l">0</subfield>
    <subfield code="o">WV168 M996 2&#xAA;ed 2010 v.2</subfield>
    <subfield code="p">001322</subfield>
    <subfield code="r">2025-08-22 09:28:00</subfield>
    <subfield code="t">c.1</subfield>
    <subfield code="w">2025-08-22</subfield>
    <subfield code="y">COL. RES.</subfield>
  </datafield>
</record>
